Java and JMX: Building Manageable Systems-(EBOOK) (Record no. 191400)
[ view plain ]
| 000 -LEADER | |
|---|---|
| fixed length control field | 01140 a2200205 4500 |
| 003 - CONTROL NUMBER IDENTIFIER | |
| control field | Nust |
| 005 - DATE AND TIME OF LATEST TRANSACTION | |
| control field | 20170207154015.0 |
| 035 ## - SYSTEM CONTROL NUMBER | |
| System control number | (SFX)1000000000014771 |
| 040 ## - CATALOGING SOURCE | |
| Transcribing agency | Nust |
| 082 ## - DEWEY DECIMAL CLASSIFICATION NUMBER | |
| Classification number | 005.82 |
| 100 ## - MAIN ENTRY--PERSONAL NAME | |
| Personal name | Kreger, Heather |
| 245 10 - TITLE STATEMENT | |
| Title | Java and JMX: Building Manageable Systems-(EBOOK) |
| Medium | [Elektronisk resurs] |
| Statement of responsibility, etc. | Heather Kreger |
| 260 ## - PUBLICATION, DISTRIBUTION, ETC. | |
| Date of publication, distribution, etc. | 2002 |
| Place of publication, distribution, etc. | USA |
| Name of publisher, distributor, etc. | Addison Wesley |
| 300 ## - PHYSICAL DESCRIPTION | |
| Extent | 592p |
| 505 ## - FORMATTED CONTENTS NOTE | |
| Formatted contents note | Part I. JMX Introduction (Page-10) Part II. JMX Details (Page-111) Part III. Application of JMX (Page-325) |
| 650 ## - SUBJECT ADDED ENTRY--TOPICAL TERM | |
| Topical term or geographic name entry element | Java and JMX |
| 651 ## - SUBJECT ADDED ENTRY--GEOGRAPHIC NAME | |
| Geographic name | EBOOK |
| 856 40 - ELECTRONIC LOCATION AND ACCESS | |
| Uniform Resource Identifier | <a href="http://link.libris.kb.se/sfxjon?url_ver=Z39.88-2004&ctx_ver=Z39.88-2004&ctx_enc=info:ofi/enc:UTF-8&rfr_id=info:sid/sfxit.com:opac_856&url_ctx_fmt=info:ofi/fmt:kev:mtx:ctx&sfx.ignore_date_threshold=1&rft.object_id=1000000000014771&svc_val_fmt=info:ofi/fmt:kev:mtx:sch_svc&">http://link.libris.kb.se/sfxjon?url_ver=Z39.88-2004&ctx_ver=Z39.88-2004&ctx_enc=info:ofi/enc:UTF-8&rfr_id=info:sid/sfxit.com:opac_856&url_ctx_fmt=info:ofi/fmt:kev:mtx:ctx&sfx.ignore_date_threshold=1&rft.object_id=1000000000014771&svc_val_fmt=info:ofi/fmt:kev:mtx:sch_svc&</a> |
| 856 40 - ELECTRONIC LOCATION AND ACCESS | |
| Uniform Resource Identifier | <a href="http://link.libris.kb.se/sfxlibris-hgot?url_ver=Z39.88-2004&ctx_ver=Z39.88-2004&ctx_enc=info:ofi/enc:UTF-8&rfr_id=info:sid/sfxit.com:opac_856&url_ctx_fmt=info:ofi/fmt:kev:mtx:ctx&sfx.ignore_date_threshold=1&rft.object_id=1000000000014771&svc_val_fmt=info:ofi/fmt:kev:mtx:sch_svc&">http://link.libris.kb.se/sfxlibris-hgot?url_ver=Z39.88-2004&ctx_ver=Z39.88-2004&ctx_enc=info:ofi/enc:UTF-8&rfr_id=info:sid/sfxit.com:opac_856&url_ctx_fmt=info:ofi/fmt:kev:mtx:ctx&sfx.ignore_date_threshold=1&rft.object_id=1000000000014771&svc_val_fmt=info:ofi/fmt:kev:mtx:sch_svc&</a> |
| 942 ## - ADDED ENTRY ELEMENTS (KOHA) | |
| Source of classification or shelving scheme | |
| Koha item type | Book |
| Withdrawn status | Lost status | Source of classification or shelving scheme | Damaged status | Not for loan | Collection code | Permanent Location | Current Location | Date acquired | Total Checkouts | Full call number | Barcode | Date last seen | Price effective from | Koha item type |
|---|---|---|---|---|---|---|---|---|---|---|---|---|---|---|
| Military College of Signals (MCS) | Military College of Signals (MCS) | 12/12/2016 | 005.82 KRE | MCSEB-534 | 12/08/2016 | 12/12/2016 | Book |
